On This Day: December 12th Quiz Stats

 Plays Quiz Updated Dec 12, 2017

Challenge
Share
Tweet
Embed
Score 0/7 Timer 03:00
0 Plays Today
Question Answer Wrong Answers
Delhi is announced to replace Calcutta as the capital of ______.
1911
India
95.1%
Pakistan
1.1%
Sri Lanka
0.9%
Bhutan
0.4%
This influential American singer and actor, sometimes known by his popular nickname ‘Ol' Blue Eyes’, is born.
1915
Frank Sinatra
91.3%
Dean Martin
3%
Tony Bennett
2.1%
Bobby Vinton
0.5%
Pennsylvania becomes the second state to ratify the United States Constitution, five days after this state became the first.
1787
Delaware
88.5%
South Carolina
3.2%
Georgia
2.3%
New York
6%
The national legislative body of this country votes to crown Reza Khan as the new Shah, starting the Pahlavi dynasty.
1925
Iran
73.7%
Saudi Arabia
10.9%
Iraq
5.2%
Jordan
6.8%
The United States Supreme Court releases its decision in ______.
2000
Bush v. Gore
73.6%
Baker v. Carr
3.1%
Gideon v. Wainwright
3.9%
Roe v. Wade
15.2%
Kenya gains its independence from this nation.
1963
United Kingdom
72%
United States
1.1%
France
18.5%
Portugal
4.5%
In the Battle of Tolvajärvi, ______ forces defeat those of the Soviet Union, their first major victory of the Winter War.
1939
Finnish
55.4%
German
24.2%
Italian
2%
Polish
14.7%

Today's Daily Dose

Missing Word
TV HA - HZ

Word Ladder
Nordic Capital

On This Day
January 19th II

You're not logged in!

Compare scores with friends on all Sporcle quizzes.
OR
Log In

You Might Also Like...

Show Comments

Extras

Top Quizzes Today


Score Distribution

Your Account Isn't Verified!

In order to create a playlist on Sporcle, you need to verify the email address you used during registration. Go to your Sporcle Settings to finish the process.

Report this User

Report this user for behavior that violates our Community Guidelines.

Details: